El pensamiento administrativo de P. Sainz de Andino : (Record no. 136866)
[ view plain ]
| 000 -LEADER | |
|---|---|
| campo de control de longitud fija | 01591nam a2200301 i 4500 |
| 001 - NÚMERO DE CONTROL | |
| campo de control | 136866 |
| 003 - IDENTIFICADOR DE NÚMERO DE CONTROL | |
| campo de control | ES-MaACL |
| 005 - FECHA Y HORA DE LA ÚLTIMA TRANSACCIÓN | |
| campo de control | 20250827024930.0 |
| 007 - CAMPO FIJO DE DESCRIPCIÓN FÍSICA--INFORMACIÓN GENERAL | |
| campo de control de longitud fija | t| |
| 008 - DATOS DE LONGITUD FIJA--INFORMACIÓN GENERAL | |
| campo de control de longitud fija | 070214s1982 sp |||| |dspa d |
| 020 ## - NÚMERO INTERNACIONAL ESTÁNDAR DEL LIBRO | |
| Número Internacional Estándar del Libro | 84-7351-159-X |
| 100 1# - ENTRADA PRINCIPAL--NOMBRE DE PERSONA | |
| Nombre de persona | Sainz de Andino, Pedro. |
| 9 (RLIN) | 101579 |
| 245 13 - MENCIÓN DEL TÍTULO | |
| Título | El pensamiento administrativo de P. Sainz de Andino : |
| Resto del título | 1829-1848 / |
| Mención de responsabilidad, etc. | introducción y notas de José Mª García Madaria. |
| 260 ## - PUBLICACIÓN, DISTRIBUCIÓN, ETC. | |
| Lugar de publicación, distribución, etc. | Madrid : |
| Nombre del editor, distribuidor, etc. | Instituto Nacional de Administración Pública, |
| Fecha de publicación, distribución, etc. | 1982. |
| 300 ## - DESCRIPCIÓN FÍSICA | |
| Extensión | 548 p. ; |
| Dimensiones | 22 cm. |
| 490 1# - MENCIÓN DE SERIE | |
| Mención de serie | Clásicos de la administración ; |
| Designación de volumen o secuencia | 7 |
| 505 0# - NOTA DE CONTENIDO CON FORMATO | |
| Nota de contenido con formato | Exposición al Rey N.S. sobre la situación política del Reyno y medios de su restauración: hecha en el año de 1829 de orden de S.M. / por Pedro Sainz de Andino (p. 53-268) . Enciclopedia española de derecho y administración, o Nuevo teatro universal de la legislación de España e Indias / por Lorenzo Arrazola, Pedro Sainz de Andino, Miguel Puche y Bautista ... [et al.] (p. 269-548) |
| 651 #4 - PUNTO DE ACCESO ADICIONAL DE MATERIA--NOMBRE GEOGRÁFICO | |
| Nombre geográfico | España- |
| Subdivisión general | Administración- |
| Subdivisión cronológica | S.XIX. |
| 9 (RLIN) | 138846 |
| 700 1# - ENTRADA AGREGADA--NOMBRE PERSONAL | |
| Nombre de persona | Arrazola, Lorenzo, |
| Fechas asociadas al nombre | 1795-1873 |
| 9 (RLIN) | 23230 |
| 700 1# - ENTRADA AGREGADA--NOMBRE PERSONAL | |
| Nombre de persona | Puche y Bautista, Miguel. |
| 9 (RLIN) | 161180 |
| 710 2# - ENTRADA AGREGADA--NOMBRE DE ENTIDAD CORPORATIVA | |
| Nombre de entidad corporativa o nombre de jurisdicción como elemento de entrada | Instituto Nacional de Administración Pública (España) |
| 9 (RLIN) | 5139 |
| 740 02 - ENTRADA AGREGADA--TÍTULO RELACIONADO/ANALÍTICO NO CONTROLADO | |
| Título relacionado o analítico no controlado | Exposición al Rey N.S. sobre la situación política del reino. |
| 740 02 - ENTRADA AGREGADA--TÍTULO RELACIONADO/ANALÍTICO NO CONTROLADO | |
| Título relacionado o analítico no controlado | Enciclopedia española de derecho y administración. |
| 740 02 - ENTRADA AGREGADA--TÍTULO RELACIONADO/ANALÍTICO NO CONTROLADO | |
| Título relacionado o analítico no controlado | Nuevo teatro universal de la legislación de España e Indias. |
| 830 10 - PUNTO DE ACCESO ADICIONAL DE SERIE-TÍTULO UNIFORME | |
| Título uniforme | Clásicos de la Administración |
| Designación de volumen o secuencia | 7 |
| 9 (RLIN) | 187056 |
| 852 ## - LOCALIZACIÓN | |
| Ubicación | ES-MaACL |
| Número de control de estantería | L-2790 |
| Estatus retirado | Estado de pérdida | Estado de daño | No para préstamo | Biblioteca de origen | Biblioteca actual | Ubicación en estantería | Fecha de adquisición | Fuente de adquisición | Total de préstamos | Signatura topográfica completa | Código de barras | Visto por última vez | Precio de reemplazo | Tipo de ítem Koha |
|---|---|---|---|---|---|---|---|---|---|---|---|---|---|---|
| Biblioteca del Ateneo de Madrid | Biblioteca del Ateneo de Madrid | Depósito 2 | 17/01/2008 | L-2790 | 1142435 | 23/02/2023 | 23/02/2023 | Libro impreso |
